<?xml version="1.0" encoding="UTF-8"?>
<record
    xmlns:xsi="http://www.w3.org/2001/XMLSchema-instance"
    xsi:schemaLocation="http://www.loc.gov/MARC21/slim http://www.loc.gov/standards/marcxml/schema/MARC21slim.xsd"
    xmlns="http://www.loc.gov/MARC21/slim">

  <leader>00975nam a22002297a 4500</leader>
  <controlfield tag="005">20211108133947.0</controlfield>
  <controlfield tag="008">120213t        mx ||||| |||| 00| 0 spa d</controlfield>
  <datafield tag="020" ind1=" " ind2=" ">
    <subfield code="a">9789706792556 </subfield>
  </datafield>
  <datafield tag="050" ind1="0" ind2="4">
    <subfield code="a">F1229.56.R45</subfield>
    <subfield code="b">A43 2008</subfield>
  </datafield>
  <datafield tag="100" ind1="1" ind2=" ">
    <subfield code="a">Alcal&#xE1;, Jer&#xF3;nimo de,</subfield>
    <subfield code="c">[Fray]</subfield>
  </datafield>
  <datafield tag="245" ind1="1" ind2="0">
    <subfield code="a">Relaci&#xF3;n de Michoac&#xE1;n </subfield>
    <subfield code="c">/ Jer&#xF3;nimo de Alcal&#xE1; ; estudio introductorio Jean-Marie G. Le Cl&#xE9;zio.</subfield>
  </datafield>
  <datafield tag="250" ind1=" " ind2=" ">
    <subfield code="a">1a ed.</subfield>
  </datafield>
  <datafield tag="260" ind1=" " ind2=" ">
    <subfield code="a">Zamora, Michoac&#xE1;n de Ocampo, M&#xE9;xico :</subfield>
    <subfield code="b">El Colegio de Michoac&#xE1;n,</subfield>
    <subfield code="c">2008.</subfield>
  </datafield>
  <datafield tag="300" ind1=" " ind2=" ">
    <subfield code="a">xxxii, 314 p. :</subfield>
    <subfield code="b">il. ;</subfield>
    <subfield code="c">23 cm.</subfield>
  </datafield>
  <datafield tag="490" ind1="0" ind2=" ">
    <subfield code="a">Colecci&#xF3;n Fuentes</subfield>
  </datafield>
  <datafield tag="504" ind1=" " ind2=" ">
    <subfield code="a">Incluye ap&#xE9;ndice, &#xED;ndice e &#xED;ndice anal&#xED;tico</subfield>
  </datafield>
  <datafield tag="650" ind1=" " ind2="7">
    <subfield code="2">lemb</subfield>
    <subfield code="a">Indios de M&#xE9;xico</subfield>
    <subfield code="x">Tarascos</subfield>
    <subfield code="x">Tratamiento</subfield>
  </datafield>
  <datafield tag="651" ind1=" " ind2="0">
    <subfield code="a">Michoac&#xE1;n de Ocampo</subfield>
    <subfield code="x">Historia</subfield>
    <subfield code="x">Colonia, 1517-1821</subfield>
    <subfield code="z">M&#xE9;xico</subfield>
    <subfield code="v">Fuentes</subfield>
  </datafield>
  <datafield tag="651" ind1=" " ind2="0">
    <subfield code="a">Michoac&#xE1;n de Ocampo</subfield>
    <subfield code="x">Vida social y costumbres</subfield>
    <subfield code="y">M&#xE9;xico </subfield>
  </datafield>
  <datafield tag="700" ind1="1" ind2=" ">
    <subfield code="a">Le Cl&#xE9;zio, Jean-Marie G.,</subfield>
    <subfield code="d">[1940-   ]</subfield>
    <subfield code="q">[Jean-Marie Gustave Le Cl&#xE9;zio]</subfield>
    <subfield code="e">colaborador</subfield>
  </datafield>
  <datafield tag="942" ind1=" " ind2=" ">
    <subfield code="2">lcc</subfield>
    <subfield code="c">LIB</subfield>
  </datafield>
  <datafield tag="999" ind1=" " ind2=" ">
    <subfield code="c">29043</subfield>
    <subfield code="d">29043</subfield>
  </datafield>
  <datafield tag="952" ind1=" " ind2=" ">
    <subfield code="1">0</subfield>
    <subfield code="2">lcc</subfield>
    <subfield code="4">0</subfield>
    <subfield code="7">0</subfield>
    <subfield code="a">INV-033</subfield>
    <subfield code="b">INV-033</subfield>
    <subfield code="c">FM</subfield>
    <subfield code="d">2012-02-13</subfield>
    <subfield code="f">1a ed.</subfield>
    <subfield code="i">H</subfield>
    <subfield code="k">CSA</subfield>
    <subfield code="l">2</subfield>
    <subfield code="m">1</subfield>
    <subfield code="o">F1219.56.R45 A43 2008</subfield>
    <subfield code="p">IIH000005705</subfield>
    <subfield code="r">2026-03-17 19:51:20</subfield>
    <subfield code="s">2026-03-17</subfield>
    <subfield code="t">C:1</subfield>
    <subfield code="y">LIB</subfield>
    <subfield code="z">MICHOAC&#xC1;N</subfield>
  </datafield>
  <datafield tag="952" ind1=" " ind2=" ">
    <subfield code="1">0</subfield>
    <subfield code="2">lcc</subfield>
    <subfield code="4">0</subfield>
    <subfield code="7">0</subfield>
    <subfield code="a">INV-033</subfield>
    <subfield code="b">INV-033</subfield>
    <subfield code="c">FM</subfield>
    <subfield code="d">2018-09-14</subfield>
    <subfield code="k">CSA</subfield>
    <subfield code="l">1</subfield>
    <subfield code="o">F1219.56.R45 A43 r2010</subfield>
    <subfield code="p">IIH000020967</subfield>
    <subfield code="r">2025-11-25 12:24:19</subfield>
    <subfield code="s">2025-11-25</subfield>
    <subfield code="t">C:1</subfield>
    <subfield code="y">LIB</subfield>
    <subfield code="z">MICHOAC&#xC1;N</subfield>
  </datafield>
  <datafield tag="952" ind1=" " ind2=" ">
    <subfield code="1">0</subfield>
    <subfield code="2">lcc</subfield>
    <subfield code="4">0</subfield>
    <subfield code="7">0</subfield>
    <subfield code="a">BPU-001</subfield>
    <subfield code="b">BPU-001</subfield>
    <subfield code="c">GENERAL</subfield>
    <subfield code="d">2021-11-08</subfield>
    <subfield code="e">DON</subfield>
    <subfield code="f">1a ed</subfield>
    <subfield code="k">CSA</subfield>
    <subfield code="l">0</subfield>
    <subfield code="o">F1229.56.R45 A43 r2011</subfield>
    <subfield code="p">BPU000000902</subfield>
    <subfield code="r">2021-11-08 00:00:00</subfield>
    <subfield code="t">1</subfield>
    <subfield code="v">1.00</subfield>
    <subfield code="y">LIB</subfield>
  </datafield>
</record>
